| 000 | 00873nam a2200253Ia 4500 | ||
|---|---|---|---|
| 003 | OSt | ||
| 005 | 20220925223455.0 | ||
| 006 | a|||||r|||| 00| 0 | ||
| 007 | ta | ||
| 008 | 220923b |||||||| |||| 00| 0 eng d | ||
| 020 |
_a9780415775557 _c5216.4499999999998 |
||
| 037 |
_b341, 29/12/2008, Bharatiya Sahitya Bhavana _cGeneral Book |
||
| 040 |
_aRTL _cRTL _beng |
||
| 041 |
_2eng _aeng |
||
| 082 | _aY73v.2474, P9 | ||
| 100 |
_aFewkes Jacqueline H _9289780 |
||
| 245 | 0 |
_aTrade and contemporary society along the silk road _b An ethno-history of Ladakh |
|
| 260 |
_aLondon _bRoutledge _c2009 |
||
| 300 |
_axiii, 196p. _ccm. |
||
| 500 | _aBibliography P 179-89; Glossary P 170-72 | ||
| 650 | _aGeography | ||
| 942 |
_hY73v.2474, P9 _cGB _2CC |
||
| 999 |
_c579685 _d579685 |
||